000 00826cab a2200277 4500
001 WB3126-26
008 090401t1995 xxu||||| |||| 00| 0 eng d
035 _a(Sirsi) u22349
041 _aeng
245 _aNew era in cinema
260 _c1995
350 _a0
490 _aFinancial Times
_v4 July 1995, 11; 26 June 1995, 10(2)
520 _aVirgin has bought the MGM cinema chain and hopes to capitalise on the cinema revival in the UK by upgrading facilities along the lines of US multi-screen complexes.
650 _aCINEMAS
650 _aLEISURE PROPERTY
650 _aLINCOLN CENTER
650 _aMULTI-SCREEN COMPLEXES
650 _aMULTIPLEXES
650 _aSONY
650 _aUNITED STATES
650 _aUNIVERSAL CITY
690 _aLEISURE AND RECREATION
942 _n0
948 _c04/03/1997
999 _c14972
_d14972